[Event "COL-ch U14"]
[Site "Fusagasuga"]
[Date "2019.07.01"]
[Round "9"]
[White "Gaona Ballesteros, Esteban Andres"]
[Black "Donneys, Franz"]
[Result "1-0"]
[WhiteElo "1525"]
[BlackElo "1615"]
[PlyCount "108"]
[EventDate "2019.06.26"]
[EventType "tourn"]
[EventRounds "9"]
[EventCountry "COL"]
[SourceTitle "CBM 191 Extra"]
[Source "ChessBase"]
[SourceDate "2019.09.30"]
[SourceVersion "1"]
[SourceVersionDate "2019.09.30"]
[SourceQuality "1"]

1. d4 Nf6 2. c4 g6 3. Nf3 Bg7 4. g3 0-0 5. Bg2 c6 6. 0-0 d5 7. e3 Qb6 8. c5 Qc7 9. Nc3 Nbd7 10. b4 e5 11. Re1 Ne4 12. Bb2 Re8 13. Nxe4 dxe4 14. Nd2 f5 15. Nc4 Bf8 16. dxe5 Nxe5 17. Nxe5 Rxe5 18. Bxe5 Qxe5 19. Qd4 Qxd4 20. exd4 Bg7 21. Red1 Be6 22. Bf1 Rd8 23. Rac1 Bxd4 24. Kg2 e3 25. Bc4 Bxc4 26. Rxc4 e2 27. Re1 Bf6 28. Rxe2 Rd3 29. Re8+ Kf7 30. Rb8 Rd7 31. Rc2 Ke6 32. Re8+ Kf7 33. Ree2 Rd3 34. Re3 Rd4 35. a3 a5 36. bxa5 Ra4 37. Rb3 Rxa5 38. Rxb7+ Ke6 39. Rxh7 Rxa3 40. Rh6 Kf7 41. Rh7+ Ke6 42. Re2+ Kd5 43. Rh6 Kxc5 44. Rxg6 Bd4 45. Rc2+ Rc3 46. Rxc3+ Bxc3 47. h4 Bd2 48. h5 Kd5 49. h6 c5 50. h7 Bc3 51. Rg8 c4 52. h8Q Bxh8 53. Rxh8 Kd4 54. Kf3 Kd5 1-0

[Event "COL-ch U14"]
[Site "Fusagasuga"]
[Date "2019.06.26"]
[Round "1"]
[White "Campos Gomez, Manuel"]
[Black "Gaona Ballesteros, Esteban Andres"]
[Result "1-0"]
[WhiteElo "1897"]
[BlackElo "1525"]
[PlyCount "77"]
[EventDate "2019.06.26"]
[EventType "tourn"]
[EventRounds "9"]
[EventCountry "COL"]
[SourceTitle "CBM 191 Extra"]
[Source "ChessBase"]
[SourceDate "2019.09.30"]
[SourceVersion "1"]
[SourceVersionDate "2019.09.30"]
[SourceQuality "1"]

1. e4 c5 2. Nf3 a6 3. c3 d5 4. exd5 Qxd5 5. d4 Nf6 6. Be2 e6 7. 0-0 Be7 8. c4 Qd6 9. Nc3 0-0 10. dxc5 Qxd1 11. Rxd1 Bxc5 12. Bg5 Nbd7 13. a3 h6 14. Bh4 b6 15. b4 Be7 16. Rd2 Bb7 17. Rxd7 Nxd7 18. Bxe7 Rfe8 19. Bd6 Nf6 20. Bc7 Bxf3 21. Bxf3 Rac8 22. Bxb6 Rxc4 23. Na4 Nd5 24. Ba5 Rc6 25. Nc5 Ra8 26. g3 Ra7 27. Kf1 f6 28. Nxe6 Rd6 29. Nd4 Nb6 30. Nf5 Re6 31. Bg4 Kh8 32. Nxh6 Rc6 33. Bf3 Re6 34. Nf5 Nc4 35. Bd5 Re5 36. Bxc4 Rxf5 37. Rd1 Re5 38. Rd6 Ree7 39. Rxa6 1-0

[Event "Gachantiva op 9th"]
[Site "Gachantiva"]
[Date "2019.06.23"]
[Round "4"]
[White "Gaona Ballesteros, Esteban Andres"]
[Black "Lopez Ramirez, David Santiago"]
[Result "0-1"]
[WhiteElo "1525"]
[BlackElo "1891"]
[PlyCount "120"]
[EventDate "2019.06.21"]
[EventType "swiss"]
[EventRounds "7"]
[EventCountry "COL"]
[SourceTitle "CBM 191 Extra"]
[Source "ChessBase"]
[SourceDate "2019.09.30"]
[SourceVersion "1"]
[SourceVersionDate "2019.09.30"]
[SourceQuality "1"]

1. e4 c5 2. Nf3 d6 3. d4 Nf6 4. Nc3 cxd4 5. Nxd4 a6 6. f3 e6 7. Be3 Be7 8. Qd2 Qc7 9. Be2 Nc6 10. 0-0 0-0 11. a3 b5 12. Nxc6 Qxc6 13. Rad1 Bb7 14. Bf2 Nd7 15. Rfe1 Ne5 16. Qe3 Rac8 17. f4 Nc4 18. Bxc4 Qxc4 19. Qd4 Rfd8 20. Qxc4 Rxc4 21. Rd4 Rdc8 22. Red1 Kf8 23. Rxc4 Rxc4 24. Rd4 Rc7 25. a4 bxa4 26. Rxa4 Bf6 27. Bd4 Ke7 28. Bxf6+ Kxf6 29. Rd4 Ke7 30. Kf2 Rc5 31. Ke3 f5 32. exf5 Rxf5 33. g3 g5 34. fxg5 Rxg5 35. Ne4 Re5 36. Kd3 d5 37. Nc3 Kd6 38. Ne2 a5 39. Nc3 Ba6+ 40. Kd2 Rf5 41. Rf4 Ke5 42. Rxf5+ Kxf5 43. Ke3 Ke5 44. Ne2 Kd6 45. c3 e5 46. Nc1 a4 47. Nd3 Bc4 48. Nb4 Kc5 49. Nc2 Bb3 50. Kd3 e4+ 51. Kd2 Bxc2 52. Kxc2 Kc4 53. g4 e3 54. g5 e2 55. Kd2 Kb3 56. h4 Kxb2 57. h5 a3 58. g6 a2 59. Kxe2 hxg6 60. hxg6 a1Q 0-1

[Event "COL-ch"]
[Site "Bogota"]
[Date "2018.11.10"]
[Round "7"]
[White "Gaona Ballesteros, Esteban Andres"]
[Black "Campos Cruz, Felix Antonio"]
[Result "1-0"]
[WhiteElo "1500"]
[BlackElo "1318"]
[PlyCount "46"]
[EventDate "2018.11.06"]
[EventType "swiss"]
[EventRounds "9"]
[EventCountry "COL"]
[SourceTitle "CBM 187 Extra"]
[Source "ChessBase"]
[SourceDate "2018.11.04"]
[SourceVersion "1"]
[SourceVersionDate "2018.11.04"]
[SourceQuality "1"]

1. e4 e6 2. d4 d5 3. e5 Nc6 4. Nf3 Be7 5. Nc3 h6 6. Bd3 Bd7 7. Be3 Nb4 8. a3 Nxd3+ 9. Qxd3 a6 10. 0-0 Bc6 11. Rfc1 Bg5 12. b3 Ne7 13. Nxg5 hxg5 14. Bxg5 Rh5 15. Qg3 g6 16. Ne2 Kd7 17. Bf6 Qg8 18. h3 Nf5 19. Qf3 Nh4 20. Qg4 Qh7 21. Nf4 Rh6 22. Bg5 Rg8 23. Bxh6 Qxh6 1-0

[Event "COL-ch"]
[Site "Bogota"]
[Date "2018.11.06"]
[Round "1"]
[White "Olarte Parra, Jhoan Sebastian"]
[Black "Gaona Ballesteros, Esteban Andres"]
[Result "1-0"]
[WhiteElo "1986"]
[BlackElo "1500"]
[PlyCount "54"]
[EventDate "2018.11.06"]
[EventType "swiss"]
[EventRounds "9"]
[EventCountry "COL"]
[SourceTitle "CBM 187 Extra"]
[Source "ChessBase"]
[SourceDate "2018.11.04"]
[SourceVersion "1"]
[SourceVersionDate "2018.11.04"]
[SourceQuality "1"]

1. f4 c5 2. Nf3 Nc6 3. b3 Nf6 4. Bb2 d6 5. e3 Be6 6. Bd3 g6 7. Nc3 Bg7 8. Ne4 0-0 9. Nxf6+ Bxf6 10. Bxf6 exf6 11. 0-0 Kg7 12. a3 h5 13. f5 Bd7 14. Qe1 g5 15. Qg3 Ne5 16. Be4 Bc6 17. Bxc6 bxc6 18. Rad1 Nxf3+ 19. Qxf3 d5 20. Qxh5 Rh8 21. Qe2 Qc7 22. g3 Rh7 23. Kg2 Rah8 24. Rh1 Qe5 25. Qd3 Rh3 26. Rdf1 Qe4+ 27. Qxe4 dxe4 1-0

[Event "COL-ch U1800"]
[Site "Moniquira"]
[Date "2018.07.20"]
[Round "2"]
[White "Gaona Ballesteros, Esteban Andres"]
[Black "Cruz Beltran, Ismael Josue"]
[Result "1-0"]
[WhiteElo "1494"]
[BlackElo "1226"]
[PlyCount "71"]
[EventDate "2018.07.19"]
[EventType "swiss"]
[EventRounds "7"]
[EventCountry "COL"]
[SourceTitle "CBM 187 Extra"]
[Source "ChessBase"]
[SourceDate "2018.11.04"]
[SourceVersion "1"]
[SourceVersionDate "2018.11.04"]
[SourceQuality "1"]

1. e4 e5 2. Nf3 Nc6 3. d4 exd4 4. Nxd4 Nxd4 5. Qxd4 Nf6 6. Nc3 c5 7. Qd3 Qb6 8. Be2 d6 9. Qb5+ Qxb5 10. Nxb5 Kd8 11. f3 a6 12. Nc3 Be6 13. 0-0 b5 14. Be3 d5 15. exd5 Bd7 16. Rad1 b4 17. Ne4 Nxe4 18. fxe4 Bd6 19. Rxf7 Re8 20. Bg5+ Be7 21. Rxe7 Rxe7 22. d6 Ke8 23. Bxe7 Bb5 24. Bxb5+ axb5 25. Kf2 c4 26. d7+ Kxe7 27. d8Q+ Rxd8 28. Rxd8 Kxd8 29. Ke3 Kd7 30. Kd4 Kd6 31. b3 c3 32. e5+ Ke6 33. Kc5 Kxe5 34. Kxb5 Kd4 35. Kxb4 g5 36. a4 1-0